000
00343nam a2200133Ia 4500
008
190722s9999 xx 000 0 und d
020
_a
978-983-47-1046-0
100
_a
Mohd Rizal Palil
245
0
_a
Fundamentals of Business Accounting
250
_a
2rd
260
_a
New York
_b
Oxford University Press
_c
2014
300
_a
477
942
_c
BK
999
_c
988
_d
988